[Event "Jundiai Paulista Cup"]
[Site "Jundiai"]
[Date "2022.12.11"]
[Round "5"]
[White "Leal, Paulo Donizete"]
[Black "Reis, Arnaldo Ulisses"]
[Result "1-0"]
[WhiteElo "1870"]
[BlackElo "1731"]
[PlyCount "85"]
[EventDate "2022.12.09"]
[EventType "swiss"]
[EventRounds "6"]
[EventCountry "BRA"]
[SourceTitle "CBM 212 Extra"]
[Source "ChessBase"]
[SourceDate "2023.03.31"]
[SourceVersion "1"]
[SourceVersionDate "2023.03.31"]
[SourceQuality "1"]

1. d4 d5 2. c4 e6 3. Nc3 Nf6 4. Bg5 Be7 5. e3 a6 6. Rc1 dxc4 7. Bxc4 b5 8. Qf3 Ra7 9. Bd3 Nbd7 10. Nge2 Bb7 11. Qh3 h6 12. 0-0 Nd5 13. Nxd5 Bxd5 14. Bxe7 Qxe7 15. Qg3 Qg5 16. Nc3 Qxg3 17. hxg3 Nb6 18. b3 Kd7 19. Ne4 Bxe4 20. Bxe4 c6 21. Bxc6+ Kd6 22. Bf3 Rc8 23. Rxc8 Nxc8 24. Rc1 Rc7 25. Rxc7 Kxc7 26. Kf1 Kb6 27. Ke1 b4 28. Kd2 a5 29. Be2 Nd6 30. Bd3 Kc6 31. e4 Kd7 32. f3 Ke7 33. g4 Nc8 34. f4 Nb6 35. f5 Nc8 36. e5 Nb6 37. Be4 Nd5 38. Bxd5 exd5 39. Ke3 Kd7 40. Kf4 Ke7 41. g5 h5 42. g6 fxg6 43. fxg6 1-0

[Event "BRA-ch Amateur U2000"]
[Site "Sao Paulo"]
[Date "2017.10.14"]
[Round "5"]
[White "Reis, Arnaldo Ulisses"]
[Black "Perego, Domingos Savio"]
[Result "1/2-1/2"]
[WhiteElo "1619"]
[BlackElo "1819"]
[PlyCount "117"]
[EventDate "2017.10.12"]
[EventType "swiss"]
[EventRounds "7"]
[EventCountry "BRA"]
[SourceTitle "EXT 2019"]
[Source "ChessBase"]
[SourceDate "2018.10.10"]
[SourceVersion "1"]
[SourceVersionDate "2018.10.10"]
[SourceQuality "1"]

1. d4 Nf6 2. Nf3 c5 3. c3 e6 4. Bf4 b6 5. e3 Bb7 6. Be2 Be7 7. h3 d5 8. Nbd2 0-0 9. 0-0 Nc6 10. Ne5 Nxe5 11. Bxe5 Rc8 12. Bd3 cxd4 13. exd4 g6 14. Qe2 Nd7 15. Bf4 Re8 16. Nf3 Bf6 17. Qd2 a6 18. Rfe1 b5 19. Rac1 Qa5 20. a3 Nb6 21. Be5 Bg7 22. Qf4 Nc4 23. Bxc4 dxc4 24. Bf6 Bxf6 25. Qxf6 Qd8 26. Qxd8 Rexd8 27. Ne5 Bd5 28. f4 h5 29. Kf2 Kg7 30. Rg1 h4 31. g4 hxg3+ 32. Rxg3 Be4 33. Nf3 Rh8 34. Rh1 Rh5 35. Rh2 Rch8 36. Ke3 Bf5 37. Ng1 Kf6 38. Kf3 a5 39. Ke3 Rh4 40. Kf3 Ke7 41. Ke3 Kd6 42. Nf3 R4h5 43. Ng5 Ke7 44. Nf3 f6 45. h4 Kd6 46. Rh1 Kd5 47. Rhg1 R5h6 48. Rh1 Rb8 49. Rh2 Rbh8 50. Rg1 Be4 51. Nd2 Bf5 52. Nf3 Kc6 53. Rg3 Kd5 54. Rg1 R8h7 55. Rg3 Rc7 56. Rg1 Rh8 57. Rgh1 Rch7 58. Rg1 Bd3 59. Rgh1 1/2-1/2

[Event "BRA-ch Amateur U2000"]
[Site "Sao Paulo"]
[Date "2017.10.12"]
[Round "1"]
[White "Reis, Arnaldo Ulisses"]
[Black "Jorge, Denrick Cabral Jose"]
[Result "0-1"]
[WhiteElo "1619"]
[BlackElo "1898"]
[PlyCount "130"]
[EventDate "2017.10.12"]
[EventType "swiss"]
[EventRounds "7"]
[EventCountry "BRA"]
[SourceTitle "EXT 2019"]
[Source "ChessBase"]
[SourceDate "2018.10.10"]
[SourceVersion "1"]
[SourceVersionDate "2018.10.10"]
[SourceQuality "1"]

1. d4 Nf6 2. Nf3 d5 3. Bf4 e6 4. e3 Bd6 5. Bg3 Ne4 6. Bd3 Nxg3 7. fxg3 0-0 8. 0-0 c5 9. c3 Nc6 10. Nbd2 e5 11. dxe5 Nxe5 12. Nxe5 Bxe5 13. Qh5 f5 14. Nf3 g6 15. Qh6 Bf6 16. h4 Qe7 17. Rfe1 Bd7 18. Re2 Rae8 19. Rae1 Qg7 20. Qxg7+ Kxg7 21. Kf2 b5 22. Rd1 a5 23. c4 dxc4 24. Bxc4 Bc6 25. Bd5 Rd8 26. Red2 Be8 27. b3 Bf7 28. Bxf7 Kxf7 29. Ne5+ Ke6 30. Rxd8 Rxd8 31. Rxd8 Bxd8 32. Nd3 c4 33. bxc4 bxc4 34. Nf4+ Ke5 35. Ke2 a4 36. Nh3 h6 37. Nf2 Be7 38. Kd2 Bb4+ 39. Ke2 a3 40. g4 f4 41. g5 hxg5 42. hxg5 Kf5 43. exf4 Kxf4 44. Nd1 Ke4 45. Ne3 c3 46. Nc2 Be7 47. g3 Bd6 48. g4 Be7 49. Kd1 Kf3 50. Nd4+ Kxg4 51. Kc2 Kxg5 52. Nc6 Bf6 53. Nb4 Kf5 54. Kb3 g5 55. Kc2 Ke4 56. Kd1 g4 57. Ke2 Be7 58. Nc2 Bc5 59. Ne1 g3 60. Ng2 c2 61. Kd2 Kf3 62. Ne1+ Kf2 63. Nd3+ Kf1 64. Nxc5 g2 65. Kxc2 g1Q 0-1

[Event "Aldeia de Barueri op"]
[Site "Aldeia de Barueri"]
[Date "2017.08.05"]
[Round "3"]
[White "Reis, Arnaldo Ulisses"]
[Black "Nobre, Jose Adalberto Barb"]
[Result "1-0"]
[WhiteElo "1800"]
[BlackElo "1617"]
[PlyCount "139"]
[EventDate "2017.08.04"]
[EventType "swiss"]
[EventRounds "6"]
[EventCountry "BRA"]
[SourceTitle "CBM 180 Extra"]
[Source "ChessBase"]
[SourceDate "2017.10.06"]
[SourceVersion "1"]
[SourceVersionDate "2017.10.06"]
[SourceQuality "1"]

1. d4 Nf6 2. Nf3 g6 3. Bf4 Bg7 4. h3 d6 5. e3 b6 6. Be2 Bb7 7. 0-0 0-0 8. Nbd2 c5 9. c3 Na6 10. Qa4 Nc7 11. Rfd1 Qd7 12. Qxd7 Nxd7 13. Nb3 Nd5 14. Bg3 Rac8 15. dxc5 Nxc5 16. Nxc5 bxc5 17. Rd2 Nf6 18. Rdd1 Rb8 19. Nd2 Ne4 20. Nxe4 Bxe4 21. Rd2 Rb6 22. f3 Bc6 23. Rc1 Rfb8 24. b3 a5 25. c4 a4 26. Bd1 axb3 27. axb3 Ra8 28. Kf2 Rba6 29. Rcc2 Ra3 30. Rd3 Ba4 31. Rcd2 Bd7 32. Ke2 Ra2 33. Rxa2 Rxa2+ 34. Rd2 Rxd2+ 35. Kxd2 Bb2 36. Be1 f5 37. Kd3 Kf7 38. f4 Bc6 39. Bf3 Bxf3 40. gxf3 Kg7 41. e4 Kh6 42. Ke2 Kh5 43. Kf1 Bc1 44. Bg3 g5 45. fxg5 Kxg5 46. e5 f4 47. exd6 exd6 48. Be1 Bb2 49. Ke2 Kf5 50. Kd3 Ke5 51. Bh4 Ba3 52. Bd8 Bb2 53. Be7 Bc1 54. Bf8 Be3 55. Bg7+ Kf5 56. Ke2 Ke6 57. Bc3 d5 58. cxd5+ Kxd5 59. Kd3 Bc1 60. Bg7 h5 61. Bc3 Be3 62. Bb2 Bf2 63. Bc1 Bg3 64. Bd2 h4 65. Bc3 Bf2 66. Bf6 Bg3 67. Bg5 Kc6 68. Kc4 Kd6 69. Bh6 Bh2 70. Bf8+ 1-0